000 00781nam a2200205 a 4500
001 000021258
005 20200930011259.0
008 100903s1990 dr a 000 0 spa d
040 _aDO-SdBNP
_bspa
_cBNPHU
082 _axxx
_bG633r
100 1 _aGómez Navarro, Eusebio
_92192
245 1 3 _aEl rostro de Dios y del pobre :
_bacercamiento a San Juan de la Cruz /
_cEusebio Gómez Navarro, Lucio del Burgo ; presentación Juan Luis Rodríguez.
260 _aSanto Domingo :
_bAmigo del Hogar,
_c1990.
300 _a148 p. :
_bil. ;
_c22 cm.
500 _aIncluye datos biográficos de los autores en la contraportada
504 _aIncluye referencias bibliográficas ( p. 145-147)
700 1 _aBurgo, lucio del
_922992
700 1 _aRodríguez, Juan Luis
_944433
049 _aBNPD
999 _c20758
_d20758